| 000 | 00992cam a22003137a 4500 | ||
|---|---|---|---|
| 001 | 13312536 | ||
| 003 | NUST - PNEC | ||
| 005 | 20170116180817.0 | ||
| 008 | 030130s2002 pk a 000 0 urdo | ||
| 010 | _a 2003340039 | ||
| 020 | _a9698455051 | ||
| 025 | _aP-U-2003340039; 08 | ||
| 035 | _a2003340039 | ||
| 040 |
_aDLC _cLIBRARY |
||
| 042 | _alcode | ||
| 082 | _a320.95491 SAL | ||
| 100 | 1 |
_aSalman Abid _93726 |
|
| 245 | 1 | 0 |
_aPakistan ka naya siyasi nizam aur maqami hukumaton ka kirdar _cSalman Abid |
| 250 | _aIshāʻat 2. | ||
| 260 |
_aLahore _bJumhuri Pablīkeshanz, _c2002. |
||
| 300 |
_a159 p. : _bill. ; _c22 cm. |
||
| 500 | _aIn Urdu. | ||
| 520 | _aStudy of the local government in Paksitan and role of women in this system; incudes short historical background. | ||
| 650 | _xGeneral | ||
| 653 | 0 |
_apolitics; _aPakistan; |
|
| 906 |
_a7 _bcbc _corigode _d4 _encip _f20 _gy-gencatlg |
||
| 942 |
_2ddc _cBK |
||
| 999 |
_c63553 _d63553 |
||